Education inputs in Uganda <an> analysis of factors influencing learning achievement in grade six

Salvato in:
Dettagli Bibliografici
Autore principale: Nannyonjo, Harriet
Natura: Libro
Lingua:inglese
Pubblicazione: Washington, D.C. <The> World Bank 2007
Serie:World Bank working paper no. 98
Soggetti:
Tags: Aggiungi Tag
Nessun Tag, puoi essere il primo ad aggiungerne!!

MARC

LEADER 00000nam$a2200000$$$4500
001 0061304
005 20240313135652.7
020 |a 0-8213-7056-1 
020 |a 978-0-8213-7056-8 
041 0 |a eng 
044 |a US 
245 1 0 |a Education inputs in Uganda  |b <an> analysis of factors influencing learning achievement in grade six  |c Harriet Nannyonjo 
264 1 |a Washington, D.C.  |b <The> World Bank  |c 2007 
300 |a 89 s. 
490 1 |a World Bank working paper  |v no. 98 
830 0 |a World Bank working paper  |v no. 98 
610 2 0 |a krajiny rozvojové 
610 2 0 |a školy 
610 2 0 |a školstvo 
610 2 0 |a financovanie 
610 2 0 |a vzdelávanie 
610 2 0 |a výchova 
610 2 0 |a študenti 
610 2 0 |a učitelia 
610 2 0 |a analýzy 
610 2 0 |a výskum 
610 2 0 |a Uganda 
100 1 |a Nannyonjo, Harriet